000
00214 a2200097 4500
001
47791
100
_a
Russell B
245
_a
The scientific out look
260
_a
London
_b
George Allen
_c
090
_c
30793
_d
30793
942
_a
NUST-CAE
_c
M
_c
23106
999
_c
282864
_d
282864